An economic survey of Gaggar Bhana : (Record no. 6995)

MARC details
000 -LEADER
fixed length control field 00689nam a2200217u 4500
001 - CONTROL NUMBER
control field BD-DhSAU 6995
003 - CONTROL NUMBER IDENTIFIER
control field BD-DhSAU
005 - DATE AND TIME OF LATEST TRANSACTION
control field 20150516150602.0
008 - FIXED-LENGTH DATA ELEMENTS--GENERAL INFORMATION
fixed length control field 820513s1928 pk b r 001 0 eng
040 ## - CATALOGING SOURCE
Original cataloging agency BD-DhSAU
082 ## - DEWEY DECIMAL CLASSIFICATION NUMBER
Edition number 22
Classification number 001.433054
Item number BHP
100 1# - MAIN ENTRY--PERSONAL NAME
Personal name Singh, Sardar, Gian
245 03 - TITLE STATEMENT
Title An economic survey of Gaggar Bhana :
Remainder of title a village in the Amritsar district of the Panjab /
Statement of responsibility, etc. conducted by S. Gian Singh and C. M. King
260 ## - PUBLICATION, DISTRIBUTION, ETC. (IMPRINT)
Place of publication, distribution, etc. Lahore :
Name of publisher, distributor, etc. "C.&M. Gazette" Press,
Date of publication, distribution, etc. c1928.
300 ## - PHYSICAL DESCRIPTION
Extent 235 p. :
Other physical details ill. ;
Dimensions 26 cm.
504 ## - BIBLIOGRAPHY, ETC. NOTE
Bibliography, etc Includes index.
590 ## - Name of Cataloguer
Name of Cataloger joy
650 ## - SUBJECT ADDED ENTRY--TOPICAL TERM
Topical term or geographic name as entry element Plant pathology.
650 ## - SUBJECT ADDED ENTRY--TOPICAL TERM
Topical term or geographic name as entry element Economic Survey
Geographic subdivision India.
700 1# - ADDED ENTRY--PERSONAL NAME
Personal name King, Charles Montague
942 ## - ADDED ENTRY ELEMENTS (KOHA)
Source of classification or shelving scheme Dewey Decimal Classification
Koha item type Book
Holdings
Withdrawn status Lost status Source of classification or shelving scheme Damaged status Not for loan Collection code Home library Branch Name Shelving location Date acquired Total Checkouts Full call number Barcode Date last seen Price effective from Koha item type
    Dewey Decimal Classification   Not For Loan Reference SAU Library SAU Library Reference 16/05/2015   001.433054 BHP 3525 16/05/2015 16/05/2015 Book